00676nam a22002057a 450000500170000001000130001702000100003003500130004003700160005304000120006908200150008110000170009624501970011326000410031027000520035130000280040365000180043165000180044970000030046720170124110050.0 aA-227693 c50.00 aA-227693 bCen Lib/Ret aDPLbEN a692.9bTIW aTiwari, O.P. aDelhi building bye-laws 1983 and D.D.A. disposal of developed property Nazul land rules 1981 :cby O.P.Tiwaribas applicable to union territory of Delhi with short comments and forms etc / aDelhibSeven Star Publicationsc1984 aPrem Niwas CD,256,Maurya EnclavebDelhie110034 aVarious pagesc22cm(Hb) aDelhi zIndia aBuilding laws